000 02244cam a22005894i 4500
003 PE-LiUPU
005 20250731170400.0
008 150617s r 000 0 d
020 _a8471512068
035 _a(Sirsi) i9788471512062
040 _aPE-LiUPU
_bspa
_cPE-LiUPU
_erda
049 _aPRUA
082 0 4 _a170
_bS61
_221
100 1 _aNowell-Smith, P. H.,
_eautor.
245 1 0 _aEtica /
_cP. H. Nowell-Smith.
264 1 _aEspaña :
_bEditorial Verbo Divino,
_c1977.
300 _a346 páginas ;
_c22 centímetros.
336 _atext
_2rdacontent
337 _aunmediated
_2rdamedia
338 _avolume
_2rdacarrier
490 0 _aHombre y sociedad ;
_v9
505 0 _aTeoría y práctica -- El contenido de la ética -- Etica teórica -- Intuicionismo -- La analogía entre ética y ciencia -- La lógica de los adjetivos -- La lógica de los enunciados y de los razonamietos -- Elegir y aconsejar -- Los fines del discurso práctico -- Razones para elegir -- Motivos -- Egoísmo y hedonismo -- Consejo y exhortación -- Bueno -- Deber y propósito -- Justo y deber -- Deber y obligación -- Deber y propósito.-El propósito de las reglas morales -- La conciencia del deber -- Conciencia -- Libertad y responsabilidad(1) -- Libertad y responsabilidad(2) -- Epílogo.
526 _aSEG68
526 _aSEG70
526 _aSEG69
526 _aSEG67
526 _aSEG43
526 _aP144
526 _aP143
526 _aP131
526 _aP122
526 _aP120
526 _aP117
526 _aP112
526 _aP110
526 _aP106
526 _aP101
526 _aP80
526 _aP59
526 _aP54
526 _aP35
526 _aP33
526 _aP30
650 0 4 _aÉtica.
910 _ajck
_bjvq
_cjck
_d20150616
942 _2ddc
_cBOOK
949 _a170 S61
_wDEWEY
_c1
_i17597
_d2016-8-15
_e2016-8-15
_lCCODEBUL1
_mBUL
_n2
_r0
_sY
_tBOOK
_u2015-6-17
_xSALUD
_zUNKNOWN
_0COMPRA
_o.STAFF. Colección General
994 _aC0
_bPEPRU
596 _a1
999 _a170 S61
_wDEWEY
_c1428
_i17597
_d1428
_e2016-8-15
_f2021-11-4
_g5
_lCCODEBUL1
_mBUL
_n2
_q1
_r0
_sY
_tBOOK
_u2015-6-17
_xBIBLIOTECA
_zUNKNOWN
_0COMPRA
_o.STAFF. Colección General
980 _81
_gALBERTO SANCHEZ Responsable de Automatización